Ricostruisci la Carriera del Calciatore - Marc Overmars - Statistics

Statistiche generali
  • Questo quiz è stato fatto 4 volte
  • Il punteggio medio è 3 su 6
Statistiche sulle risposte
Hint Risposta % Corretto
1991-1992 Willem II
100%
1992-1997 Ajax
67%
1997-2000 Arsenal
67%
2000-2004 Barcellona
67%
2008-2010 Go Ahead Eagles
33%
1990-1991 Go Ahead Eagles
0%
Nessun quiz corrispondente trovato
Distribuzione punteggi
Percentuale di utenti per punteggio
Percentile per numero di risposta
I tuoi punteggi nel tempo
Non hai fatto questo quiz